| 000 | 00972cam a22002894a 4500 | ||
|---|---|---|---|
| 001 | 13421957 | ||
| 003 | ARRUPE | ||
| 005 | 20141106020006.0 | ||
| 008 | 031203s2005 mau b 001 0 eng | ||
| 010 | _a 2003026374 | ||
| 020 | _a0631232818 | ||
| 020 | _a0631232826 (pbk.) | ||
| 040 |
_aDLC _cDLC _dDLC |
||
| 042 | _apcc | ||
| 050 | 0 | 0 |
_aB2798 _b.W88 2005 |
| 100 | 1 |
_aWood, Allen W. _98688 |
|
| 245 | 1 | 0 |
_aKant / _cAllen W. Wood. |
| 260 |
_aMalden, MA : _bBlackwell Pub., _c2005. |
||
| 300 |
_axiv, 195 p. ; _c24 cm. |
||
| 440 | 0 |
_aBlackwell great minds ; _v1 _98689 |
|
| 504 | _aIncludes bibliographical references and index. | ||
| 600 | 1 | 0 |
_aKant, Immanuel, _d1724-1804. _98690 |
| 856 | 4 | 1 |
_3Table of contents _uhttp://www.loc.gov/catdir/toc/ecip0412/2003026374.html |
| 906 |
_a7 _bcbc _corignew _d1 _eecip _f20 _gy-gencatlg |
||
| 942 |
_2lcc _cMONOGRAPH _08 |
||
| 999 |
_c120068 _d120068 |
||